| 000 | 00442nam a2200169Ia 4500 | ||
|---|---|---|---|
| 008 | 230711s9999||||xx |||||||||||||| ||und|| | ||
| 020 | _a978-0-19-808352-8 | ||
| 041 | _aENG | ||
| 082 |
_a624.176 _bDU-E |
||
| 100 | _aDuggal,S.K | ||
| 245 | 0 | _aEarthquake resistant design of structure | |
| 250 | _a4th Ed. | ||
| 260 |
_c2015 _aNew Delhi _bOxford & IBH Publishing Co.Pvt.Ltd. |
||
| 300 | _a511p. | ||
| 650 | _aCivil Engineering | ||
| 942 | _cBK | ||
| 999 |
_c5876 _d5876 |
||